| 000 | 01433nam0a2200337 4500 | ||
|---|---|---|---|
| 001 | RU\NLR\BIBL_A\022556083 | ||
| 005 | 20260420045300.0 | ||
| 010 |
_a978-5-907933-27-9 _9500 |
||
| 021 |
_aRU _bКН-П-25-020879 _9КН-П-25-2117 |
||
| 035 | _a(NLR Aleph) 022556083 | ||
| 090 |
_a13674088 _c13674088 |
||
| 100 | _a20250602d2025 k y0rusy50 ca | ||
| 101 | 0 | _arus | |
| 102 | _aRU | ||
| 105 | _aa z 000yy | ||
| 181 | 0 |
_ai _bxxxe |
|
| 182 | 0 | _an | |
| 200 | 1 |
_aНаказание в российском уголовном праве: проблемы систематизации и назначения _eмонография _fХоджалиев С. А. |
|
| 203 |
_aТекст _bвизуальный _cнепосредственный |
||
| 210 |
_aМосква _cНаучный консультант _d2025 |
||
| 215 |
_a117 с. _cил., табл. _d21 |
||
| 300 | _aНа обороте тит. с. авт.: Ходжалиев С. А., канд. юрид. наук, доц. | ||
| 320 | _aБиблиогр.: с. 97–106 (87 назв.) | ||
| 606 | 1 |
_aНаказание в уголовном праве _yРоссийская Федерация _92078738 _3RU\NLR\AUTH\661254602 |
|
| 686 | 1 | _aХ628.102 | |
| 686 | 1 | _aХ628.103 | |
| 700 | 1 |
_aХоджалиев _bС. А. _gСалех Айсаевич |
|
| 942 | _cBOOK | ||
| 980 | _aNB | ||